00355nam a22000977a 450000500170000010000690001724500990008626000270018530000090021270000360022120260629145331.0 aAli Razaa21-MSSE-03aSupervisor - Prof Dr. Mukhtiar Ahmed Memon aQ-Learning Clustered Based Routing Protocol for Underwater Wireless Sensor Network (Thesis MS) aNawabshahbQUESTc2025 a97p. aDepartment of Computer Science